Estatísticas para Quiz de Portugal

Clique aqui para jogar o quiz

Estatísticas Gerais

  • Esse quiz foi jogado 241 vezes
  • A pontuação média é 4 de 7

Estatísticas das Respostas

QuestãoResposta% Correto
Qual é o verdadeiro nome de CR7Cristiano Ronaldo
99%
Qual é a região conhecida pelas suas praias?Algarve
87%
Quantos destritos tem portugal?18
85%
Quais são os dois arquipélagos de PortugalMadeira e Açores
64%
Quem é o jogador de futebol mais conhecido?Cr7
60%
De onde são originárias as mais conhecidas bananas?ilha da Madeira
18%
Diga quais são as duas reservas mundiais de surf na zona oeste de Portugal?Ericeira e Nazaré
7%

Distribuição das Pontuações

Percentil de Números Respondidos

Porcentagem de Pessoas com Cada Pontuação

Sua Pontuação Histórica

Você não jogou esse quiz